Dokumente des Referats fur gleichgeschlechtliche Lebensweisen /

محفوظ في:
التفاصيل البيبلوغرافية
التنسيق: دورية
اللغة:الإنجليزية
منشور في: Berlin Senatsverwaltung fur Frauen Jugend und Familie 1990-
الوسوم: إضافة وسم
لا توجد وسوم, كن أول من يضع وسما على هذه التسجيلة!

MARC

LEADER 00000nas a2200000 4500
001 CDOM0000002211
003 mi
005 20251021113222.0
008 251021b |||||||| |||| 00| 0 eng d
040 |c mi 
245 1 |a Dokumente des Referats fur gleichgeschlechtliche Lebensweisen /  |c [A cura del] Senatsverwaltung fur Frauen, Jugend und Familie 
260 |a Berlin  |b Senatsverwaltung fur Frauen Jugend und Familie  |c 1990- 
300 |a vol.  |c 21 cm. 
500 |a Periodicità irregolare 
942 |2 ddc  |c BK 
999 |c 7152  |d 7152